000 00633nam a22002650a 4500
001 UByD001366
003 AR-LpoUNG
005 20230415122904.0
008 230414s2021||||ag |||||||||||||||||spa d
020 _a9789873877308
040 _aAR-LpoUNG
_bspa
_cAR-LpoUNG
_eaacr
041 _aspa
044 _aag
082 0 _aA863 211bes
100 1 _aSánchez, Cristian
245 1 4 _aLas bestias
250 _a1ra. ed.
260 _aLos Polvorines :
_bLoquevendrá,
_c2021.
300 _a65 p.
650 4 _aARGENTINA
650 4 _aLITERATURA
653 _aLITERATURA ARGENTINA
905 _a55627
942 _cLIB
_2ddc
999 _c63923
_d63923